000 00711nam a2200289Ia 4500
005 20260324114757.0
008 008 260324s9999 xx 000 0 eng d
020 _a9781003141433
037 _aEBOOK
040 _aCRL
040 _beng
040 _cCRL
041 _2eng
041 _aeng
084 _qCRL
100 _aKaryn Ross
_91152124
245 4 _aThe Kind Leader
245 2 _bA Practical Guide to Eliminating Fear, Creating Trust, and Leading with Kindness
260 _bTaylor and Francis
260 _c2021
365 _a
365 _b145
856 _uhttp://www.taylorfrancis.com/books/9781003141433
942 _cEBOOK
999 _c1742493
_d1742493